Case studies in psychotherapy/ (Record no. 8216)

MARC details
000 -LEADER
fixed length control field 00464nam a2200157 4500
020 ## - INTERNATIONAL STANDARD BOOK NUMBER
ISBN 0-087581-338-0
050 ## - CALL NUMBER
Classification number RC480 .C26
100 ## - AUTHOR
Personal name Wedding, Danny (editor)
245 ## - TITLE
Title Case studies in psychotherapy/
Statement of responsibility, etc edited by Danny Wedding and Raymond J. Corsini.
260 ## - PUBLICATION INFORMATION
Place of publication Itasca, Ill
Name of publisher F. E. Peacock Publishers, Inc.
Year of publication 1989
300 ## - DESCRIPTION
Number of Pages 241pg
500 ## - NOTES
General note includes index
650 ## - SUBJECTS
Topical Term Psychotherapy.
700 ## - OTHER AUTHORS
Personal name Corsini, Raymond J. (co-editor)
942 ## - ADDED ENTRY ELEMENTS (KOHA)
Koha item type Books
Holdings
Withdrawn status Lost status Home library Current library Shelving location Date acquired Source of acquisition Full call number Accession Number Koha item type
    Methodist University Library Main Methodist University Library Main General Stacks 21/12/2021 Donation RC480 .C26 8551 Books
Copyright © 2026  MUG Library